000 00713cam a22002413a 4500
001 5262
003 PGUSA
005 20140828083117.0
008 040301s2004||||xxu|||||s|||||000 1 eng d
040 _aPGUSA
_beng
042 _adc
050 4 _aPZ
100 1 _aGaris, Howard Roger,
_d1873-1962
245 1 0 _aCurly and Floppy Twistytail (The Funny Piggie Boys)
_h[electronic resource] /
_cHoward Roger Garis
260 _bProject Gutenberg,
_c2004
506 _aPublic domain in the USA.
516 _aElectronic text
653 _aSwine -- Juvenile fiction
653 _aAnimals -- Juvenile fiction
830 0 _aProject Gutenberg
_v5262
856 4 0 _uhttp://www.gutenberg.org/ebooks/5262
942 _cEB
999 _c234591
_d234591